| 000 | 00863nac a22002411i 4500 | ||
|---|---|---|---|
| 003 | EG-ScBUE | ||
| 005 | 20231116131132.0 | ||
| 008 | 100822s2002 ua a f b 000100 ara d | ||
| 040 |
_aEG-ScBUE _bara _erda _cEG-ScBUE _dEG-ScBUE |
||
| 082 | 0 | 4 |
_a932.012 _bح و ا _222 |
| 100 | 1 |
_aحواس، زاهي، _d1947- _eمؤلف. _917567 |
|
| 245 | 1 | 0 |
_aبناة الأهرام / _cزاهي حواس. |
| 264 | 1 |
_aالقاهرة : _bدار الشروق، _c2002. |
|
| 300 |
_a187 صفحة : _bإيضاحيات ؛ _c30 سم |
||
| 336 |
_2rdacontent _aنص _btxt |
||
| 337 |
_aبدون وسيط _2rdamedia _bn |
||
| 338 |
_aمجلد _bnc _2rdacarrier |
||
| 504 | _aيشتمل على إرجاعات ببليوجرافية وكشافات. | ||
| 650 | 7 |
_aالأهرام (آثار). _2BUEsh |
|
| 651 | 7 |
_2BUEsh _aمصر _xالآثار. |
|
| 655 | _vReading book | ||
| 942 |
_cBB _2ddc |
||
| 999 |
_c5496 _d5496 |
||